[Event "RM-2020-0-00225"]
[Site "LSS email"]
[Date "2020.10.27"]
[Round "?"]
[White "Cirulis, Ilmars"]
[Black "Paulesu, Sebastiano"]
[Result "1/2-1/2"]
[WhiteElo "2246"]
[BlackElo "2289"]
[PlyCount "26"]
[EventDate "2020.10.15"]
[EventType "tourn (corr)"]
[EventRounds "6"]
[EventCountry "GER"]
[SourceTitle "Corr 2024"]
[Source "ChessBase"]
[SourceDate "2023.10.19"]
[SourceVersion "1"]
[SourceVersionDate "2023.10.19"]
[SourceQuality "1"]

1. c4 e5 2. Nc3 Nf6 3. e4 Bc5 4. Be2 d6 5. d3 Nc6 6. Nf3 h6 7. h3 a5 8. 0-0 Nh7 9. a3 Ng5 10. Rb1 Be6 11. Kh2 Nxf3+ 12. Bxf3 0-0 13. Bh5 Qe7 1/2-1/2

[Event "RM-2020-0-00225"]
[Site "LSS email"]
[Date "2020.10.27"]
[Round "?"]
[White "Paulesu, Sebastiano"]
[Black "Baum, Hansjuergen"]
[Result "1/2-1/2"]
[WhiteElo "2289"]
[BlackElo "2233"]
[PlyCount "48"]
[EventDate "2020.10.15"]
[EventType "tourn (corr)"]
[EventRounds "6"]
[EventCountry "GER"]
[SourceTitle "Corr 2024"]
[Source "ChessBase"]
[SourceDate "2023.10.19"]
[SourceVersion "1"]
[SourceVersionDate "2023.10.19"]
[SourceQuality "1"]

1. e4 e5 2. Nf3 Nc6 3. Bb5 a6 4. Ba4 Nf6 5. 0-0 Nxe4 6. d4 b5 7. Bb3 d5 8. dxe5 Be6 9. Nbd2 Nc5 10. c3 Be7 11. Bc2 d4 12. Nb3 d3 13. Bb1 Nxb3 14. axb3 Bf5 15. Be3 0-0 16. Bd4 Qd5 17. Re1 d2 18. Re2 Nxd4 19. Nxd4 Bxb1 20. Rxb1 Bg5 21. h4 Bf4 22. g3 Bxe5 23. Rxd2 Rae8 24. b4 Bxd4 1/2-1/2

[Event "ZH-2020-0-01863"]
[Site "LSS email"]
[Date "2020.10.18"]
[Round "?"]
[White "Paulesu, Sebastiano"]
[Black "Sorcinelli, Andrea"]
[Result "1/2-1/2"]
[WhiteElo "2278"]
[BlackElo "2315"]
[PlyCount "39"]
[EventDate "2020.10.18"]
[EventType "match (corr)"]
[EventRounds "2"]
[EventCountry "GER"]
[SourceTitle "Corr 2022"]
[Source "ChessBase"]
[SourceDate "2021.10.24"]
[SourceVersion "1"]
[SourceVersionDate "2021.10.24"]
[SourceQuality "1"]

1. e4 c5 2. c3 Nf6 3. e5 Nd5 4. Nf3 d6 5. d4 cxd4 6. cxd4 Nc6 7. Bc4 Nb6 8. Bb5 dxe5 9. Nxe5 Bd7 10. Nxd7 Qxd7 11. Nc3 e6 12. 0-0 a6 13. Bxc6 Qxc6 14. Be3 Nd5 15. Rc1 Be7 16. Qf3 Nxc3 17. Qxc6+ bxc6 18. Rxc3 Kd7 19. Rfc1 Rhc8 20. Rc4 1/2-1/2

[Event "RM-2020-0-00211"]
[Site "LSS email"]
[Date "2020.06.30"]
[Round "?"]
[White "Paulesu, Sebastiano"]
[Black "Oliveira, Diogo"]
[Result "1-0"]
[WhiteElo "2254"]
[BlackElo "2227"]
[PlyCount "139"]
[EventDate "2020.04.24"]
[EventType "tourn (corr)"]
[EventRounds "6"]
[EventCountry "GER"]
[SourceTitle "Corr 2022"]
[Source "ChessBase"]
[SourceDate "2021.10.24"]
[SourceVersion "1"]
[SourceVersionDate "2021.10.24"]
[SourceQuality "1"]

1. e4 c5 2. Nf3 d6 3. d4 cxd4 4. Nxd4 Nf6 5. Nc3 a6 6. Bg5 e6 7. f4 Be7 8. Qf3 Qc7 9. 0-0-0 Nbd7 10. g4 b5 11. Bxf6 Nxf6 12. g5 Nd7 13. f5 Bxg5+ 14. Kb1 Ne5 15. Qh5 Qe7 16. Nxe6 Bxe6 17. fxe6 g6 18. exf7+ Kxf7 19. Qh3 Kg7 20. Nd5 Qd8 21. Qc3 Rc8 22. Qa3 Rc6 23. Be2 Bh4 24. Qe3 Re8 25. Rhf1 Bg5 26. Qd4 Kg8 27. c3 Rc8 28. a3 Rb8 29. Nb4 Rb6 30. c4 Kg7 31. cxb5 axb5 32. Nd5 Rb7 33. Rd3 Qa5 34. Rc3 Kh8 35. Rb3 Reb8 36. Nc3 b4 37. Qxd6 Be7 38. Qe6 Qc7 39. axb4 Qd6 40. Qxd6 Bxd6 41. b5 Nd7 42. h3 Nc5 43. Rb4 Ne6 44. Ra4 Be5 45. Rd1 h5 46. Bc4 Nc5 47. Ra3 Rc7 48. Bf1 Bg7 49. b4 Ne6 50. Nd5 Rf7 51. e5 Nd4 52. Re3 Re8 53. Re4 Nf5 54. Nf4 Kh7 55. Bc4 Rc7 56. b6 Rb7 57. Nd5 Rxe5 58. Rxe5 Bxe5 59. Ba6 Rb8 60. b7 Kh6 61. Rc1 Nd6 62. Rc8 Rxb7 63. Bxb7 Nxb7 64. Rg8 Kg5 65. Kc2 Nd6 66. Kd3 Bh2 67. Nc3 Kf5 68. Rf8+ Ke6 69. Rf2 Be5 70. Ne4 1-0

[Event "SM-2020-0-00417"]
[Site "LSS email"]
[Date "2020.01.17"]
[Round "?"]
[White "Paulesu, Sebastiano"]
[Black "Goreczny, Grzegorz"]
[Result "1/2-1/2"]
[WhiteElo "2291"]
[BlackElo "2309"]
[PlyCount "91"]
[EventDate "2020.01.17"]
[EventType "tourn (corr)"]
[EventRounds "6"]
[EventCountry "GER"]
[SourceTitle "Corr 2022"]
[Source "ChessBase"]
[SourceDate "2021.10.24"]
[SourceVersion "1"]
[SourceVersionDate "2021.10.24"]
[SourceQuality "1"]

1. e4 e5 2. Nf3 Nc6 3. Bb5 a6 4. Ba4 Nf6 5. 0-0 Be7 6. Re1 b5 7. Bb3 0-0 8. h3 Bb7 9. d3 d5 10. exd5 Nxd5 11. a4 Nd4 12. Nbd2 c5 13. axb5 axb5 14. Rxa8 Bxa8 15. Nxe5 Nxb3 16. Nxb3 Re8 17. Bd2 Bd6 18. Nf3 Rxe1+ 19. Nxe1 Qe8 20. Qa1 Nc7 21. Be3 Ne6 22. Qa7 Bd5 23. Nd2 f5 24. c4 Bc6 25. cxb5 Bxb5 26. Nc4 Bc7 27. Bd2 Bc6 28. Bc3 Qa8 29. Qa3 Kf8 30. Kf1 h6 31. Ne3 f4 32. Nc4 Bd5 33. Qxa8+ Bxa8 34. Nc2 Ke7 35. Na1 Bc6 36. Nb3 f3 37. g3 Ba4 38. Nba5 Bxa5 39. Nxa5 Bc2 40. Ke1 Bxd3 41. Kd2 Bf1 42. h4 Kd6 43. Ke3 Kd5 44. Kxf3 Nd4+ 45. Ke3 g5 46. hxg5 1/2-1/2

[Event "SA-2019-0-00696"]
[Site "LSS email"]
[Date "2019.08.10"]
[Round "?"]
[White "Koch, Christian"]
[Black "Paulesu, Sebastiano"]
[Result "1/2-1/2"]
[WhiteElo "2301"]
[BlackElo "2242"]
[PlyCount "47"]
[EventDate "2019.07.28"]
[EventType "tourn (corr)"]
[EventRounds "6"]
[EventCountry "GER"]
[SourceTitle "Corr 2022"]
[Source "ChessBase"]
[SourceDate "2021.10.24"]
[SourceVersion "1"]
[SourceVersionDate "2021.10.24"]
[SourceQuality "1"]

1. e4 e5 2. Nf3 Nc6 3. Bb5 Nf6 4. 0-0 Nxe4 5. d4 Nd6 6. Bxc6 dxc6 7. dxe5 Nf5 8. Qxd8+ Kxd8 9. Nc3 Ke8 10. h3 h5 11. Bg5 Be6 12. Rfd1 Be7 13. b3 h4 14. Kf1 b6 15. Rd2 Rd8 16. Rad1 Rxd2 17. Bxd2 Kd8 18. Ne2 Kc8 19. Nf4 Bd7 20. e6 fxe6 21. Ng6 Rh5 22. Nxe7+ Nxe7 23. Bc3 Nf5 24. Re1 1/2-1/2

[Event "ZH-2019-0-01781"]
[Site "LSS email"]
[Date "2019.06.27"]
[Round "?"]
[White "Kahl, Fred"]
[Black "Paulesu, Sebastiano"]
[Result "1/2-1/2"]
[WhiteElo "2382"]
[BlackElo "2206"]
[PlyCount "71"]
[EventDate "2019.05.27"]
[EventType "match (corr)"]
[EventRounds "2"]
[EventCountry "GER"]
[SourceTitle "Corr 2022"]
[Source "ChessBase"]
[SourceDate "2021.10.24"]
[SourceVersion "1"]
[SourceVersionDate "2021.10.24"]
[SourceQuality "1"]

1. e4 c5 2. Nf3 d6 3. Bb5+ Nd7 4. d4 Ngf6 5. 0-0 a6 6. Bxd7+ Nxd7 7. Nc3 b6 8. Re1 cxd4 9. Qxd4 e5 10. Qc4 b5 11. Qc6 Rb8 12. Nd5 Bb7 13. Nc7+ Ke7 14. Nd5+ Ke8 15. Qc3 Bxd5 16. exd5 Qc8 17. Qe3 Qb7 18. a4 Qxd5 19. axb5 axb5 20. Bd2 h5 21. Bb4 Rh6 22. Red1 Qc4 23. Ra7 Qxb4 24. Rxd7 Rc8 25. Rb7 Re6 26. Qb6 d5 27. Qxb5+ Qxb5 28. Rxb5 f6 29. c3 Rd8 30. Kf1 Red6 31. Ke2 Kf7 32. h3 g6 33. Ne1 Ke6 34. Nd3 Rc6 35. g3 Bd6 36. Nb4 1/2-1/2

[Event "ZH-2019-0-01781"]
[Site "LSS email"]
[Date "2019.06.27"]
[Round "?"]
[White "Paulesu, Sebastiano"]
[Black "Kahl, Fred"]
[Result "1/2-1/2"]
[WhiteElo "2206"]
[BlackElo "2382"]
[PlyCount "58"]
[EventDate "2019.05.27"]
[EventType "match (corr)"]
[EventRounds "2"]
[EventCountry "GER"]
[SourceTitle "Corr 2022"]
[Source "ChessBase"]
[SourceDate "2021.10.24"]
[SourceVersion "1"]
[SourceVersionDate "2021.10.24"]
[SourceQuality "1"]

1. e4 e6 2. d4 d5 3. Nd2 c5 4. exd5 exd5 5. Ngf3 a6 6. Be2 Nf6 7. 0-0 Be7 8. dxc5 Bxc5 9. c3 0-0 10. Nb3 Bb6 11. Nbd4 Nc6 12. Re1 Qd6 13. Bf1 Nxd4 14. Nxd4 Ng4 15. g3 Qf6 16. Qd2 Ne5 17. Bg2 Bg4 18. Qf4 Qxf4 19. Bxf4 Nd3 20. Re7 Bxd4 21. cxd4 b5 22. Bd2 Rfe8 23. Rxe8+ Rxe8 24. a4 b4 25. Bf1 Nxb2 26. Bxa6 b3 27. Rb1 Nc4 28. Bc3 Bd7 29. Rxb3 Bxa4 1/2-1/2

[Event "ZH-2019-0-01778"]
[Site "LSS email"]
[Date "2019.06.19"]
[Round "?"]
[White "Misericordia, Antonio"]
[Black "Paulesu, Sebastiano"]
[Result "1/2-1/2"]
[WhiteElo "2345"]
[BlackElo "2206"]
[PlyCount "143"]
[EventDate "2019.05.24"]
[EventType "match (corr)"]
[EventRounds "2"]
[EventCountry "GER"]
[SourceTitle "Corr 2022"]
[Source "ChessBase"]
[SourceDate "2021.10.24"]
[SourceVersion "1"]
[SourceVersionDate "2021.10.24"]
[SourceQuality "1"]

1. e4 c5 2. Nf3 Nc6 3. c3 Nf6 4. e5 Nd5 5. Bc4 Nb6 6. Bb3 d6 7. exd6 c4 8. Bc2 Qxd6 9. 0-0 Bg4 10. Re1 Ne5 11. Rxe5 Bxf3 12. Qe1 Bc6 13. b3 g6 14. Ba3 Qc7 15. Be4 e6 16. Bxf8 Kxf8 17. Bxc6 Qxc6 18. Na3 Kg7 19. Nc2 Rad8 20. Nd4 Qc7 21. Qe2 a6 22. Nf3 Nd7 23. Re3 b5 24. bxc4 Qxc4 25. Qxc4 bxc4 26. Re4 Rc8 27. Rd4 Rc7 28. Rb1 Rhc8 29. Rb4 Kf8 30. Ne1 Ke7 31. Nc2 a5 32. Rb1 e5 33. Rd5 Rc5 34. Rb5 Rxd5 35. Rxd5 Rb8 36. Kf1 Rb2 37. Ne3 Rxa2 38. Nxc4 a4 39. Nxe5 Nxe5 40. Rxe5+ Kd6 41. Re8 Kd7 42. Ra8 Rxd2 43. Rxa4 Rc2 44. Rc4 h5 45. g3 f6 46. Kg2 Ke6 47. Rc6+ Ke5 48. Rc5+ Kd6 49. Rc8 Ke6 50. Rc6+ Ke5 51. h3 g5 52. Rc5+ Kd6 53. Rc4 Ke6 54. Rc6+ Ke5 55. Rc5+ Kd6 56. Rc8 Ke5 57. Rc6 Rc1 58. Rc5+ Kd6 59. Rc8 Ke6 60. Rc4 Kd5 61. Rc8 Ke6 62. Rc6+ Ke5 63. Rc7 Ke6 64. Rc5 Kd6 65. Rc4 Kd5 66. Rc7 Kd6 67. Rh7 Rxc3 68. Rxh5 Ke6 69. Rh7 Kf5 70. Rb7 Rc4 71. Rb6 Ra4 72. Rb3 1/2-1/2

[Event "RA-2019-0-00612"]
[Site "LSS email"]
[Date "2019.01.23"]
[Round "?"]
[White "Misericordia, Antonio"]
[Black "Paulesu, Sebastiano"]
[Result "1/2-1/2"]
[WhiteElo "2391"]
[BlackElo "1871"]
[PlyCount "109"]
[EventDate "2018.12.01"]
[EventType "tourn (corr)"]
[EventRounds "6"]
[EventCountry "GER"]
[SourceTitle "Corr 2022"]
[Source "ChessBase"]
[SourceDate "2021.10.24"]
[SourceVersion "1"]
[SourceVersionDate "2021.10.24"]
[SourceQuality "1"]

1. g3 d5 2. Nf3 Nf6 3. Bg2 c6 4. 0-0 Bg4 5. c4 e6 6. d4 Nbd7 7. Qb3 Qb6 8. h3 Bh5 9. c5 Qxb3 10. axb3 Be7 11. b4 a6 12. Nc3 Ne4 13. Re1 Rd8 14. Be3 f5 15. Na2 h6 16. Nc1 g5 17. Nd3 Kf8 18. Rec1 Kg7 19. Kf1 Bf6 20. Rd1 Rhf8 21. Rdb1 Rb8 22. Re1 Bg6 23. Rec1 Bd8 24. h4 Rh8 25. Ke1 Bf6 26. Kd1 Kf7 27. hxg5 hxg5 28. Kc2 Rh7 29. Rh1 Rxh1 30. Bxh1 Rh8 31. Kb3 Bh5 32. Bg2 Bg4 33. Kc2 Bh3 34. Bh1 Bg4 35. Rg1 Bg7 36. Kd1 Rh5 37. Nfe1 Bh3 38. Nf3 Bg4 39. Nfe5+ Nxe5 40. dxe5 Rh2 41. Bg2 Bh3 42. Bf3 Bg4 43. Rf1 Kg6 44. Rh1 Rxh1+ 45. Bxh1 Bh3 46. Bf3 Bf8 47. Nc1 Be7 48. Nb3 Bd8 49. Bd4 Bc7 50. Bxe4 fxe4 51. Bc3 Bd8 52. Na1 Kf7 53. Nc2 Be7 54. Na1 Bd8 55. Bd4 1/2-1/2

[Event "OP-2018-0-04701"]
[Site "LSS email"]
[Date "2018.12.31"]
[Round "?"]
[White "Murawski, Evan"]
[Black "Paulesu, Sebastiano"]
[Result "1/2-1/2"]
[WhiteElo "800"]
[BlackElo "1871"]
[PlyCount "117"]
[EventDate "2018.12.25"]
[EventType "tourn (corr)"]
[EventRounds "4"]
[EventCountry "GER"]
[SourceTitle "Corr 2022"]
[Source "ChessBase"]
[SourceDate "2021.10.24"]
[SourceVersion "1"]
[SourceVersionDate "2021.10.24"]
[SourceQuality "1"]

1. e4 c5 2. Nf3 Nc6 3. d4 cxd4 4. Nxd4 e5 5. Nb5 d6 6. N1c3 Nf6 7. Bg5 a6 8. Na3 b5 9. Nd5 Be7 10. Bxf6 Bxf6 11. c3 0-0 12. Nc2 Bg5 13. a4 bxa4 14. Rxa4 a5 15. Bc4 Rb8 16. b3 Kh8 17. Nce3 Ne7 18. Nxe7 Qxe7 19. Nd5 Qd8 20. 0-0 Bd7 21. Ra3 f5 22. exf5 Bxf5 23. Qa1 Ra8 24. Qa2 Be4 25. Re1 Bxd5 26. Bxd5 Rb8 27. Rxa5 Bd2 28. Qxd2 Qxa5 29. b4 Qb6 30. g3 g6 31. h4 Kg7 32. Kg2 h5 33. Rb1 Rbe8 34. c4 Re7 35. b5 Ra7 36. Qb2 Rf6 37. Re1 Ra4 38. Qd2 Rf8 39. Rb1 Ra7 40. Rb2 Ra3 41. Qb4 Ra1 42. Qc3 Ra7 43. Kh3 Ra1 44. Qe3 Qd4 45. Qxd4 exd4 46. b6 Rb8 47. b7 d3 48. Kg2 Rc1 49. Rd2 Rc3 50. Kf3 Re8 51. Kf4 Rc2 52. Rxd3 Rxf2+ 53. Rf3 Rb2 54. g4 hxg4 55. Kxg4 Re7 56. Rd3 Rb4 57. Kf3 Rb6 58. Kf4 Rb4 59. Rd4 1/2-1/2

[Event "OP-2018-0-04701"]
[Site "LSS email"]
[Date "2018.12.31"]
[Round "?"]
[White "Sundqvist, Christer"]
[Black "Paulesu, Sebastiano"]
[Result "1/2-1/2"]
[WhiteElo "1939"]
[BlackElo "1871"]
[PlyCount "66"]
[EventDate "2018.12.25"]
[EventType "tourn (corr)"]
[EventRounds "4"]
[EventCountry "GER"]
[SourceTitle "Corr 2022"]
[Source "ChessBase"]
[SourceDate "2021.10.24"]
[SourceVersion "1"]
[SourceVersionDate "2021.10.24"]
[SourceQuality "1"]

1. d4 Nf6 2. Bg5 e6 3. e4 c5 4. e5 h6 5. Bc1 Nd5 6. c4 Nb6 7. dxc5 Bxc5 8. Qg4 Kf8 9. a3 Nc6 10. Nf3 d6 11. b4 h5 12. Qf4 dxe5 13. Nxe5 Nxe5 14. bxc5 Nbd7 15. Be2 Qe7 16. 0-0 Ng6 17. Qe3 Nxc5 18. Nd2 b6 19. Nb3 Bb7 20. Nxc5 Qxc5 21. a4 Qxe3 22. Bxe3 Nh4 23. f3 Nf5 24. Bf2 e5 25. Rfd1 Nd4 26. Bxd4 exd4 27. Rxd4 Ke7 28. Rb1 Rhd8 29. Rxd8 Kxd8 30. c5 Kc7 31. cxb6+ axb6 32. Bb5 h4 33. Rc1+ Kd6 1/2-1/2

[Event "RB-2018-0-00365"]
[Site "LSS email"]
[Date "2018.12.14"]
[Round "?"]
[White "Wittal, Werner"]
[Black "Paulesu, Sebastiano"]
[Result "0-1"]
[WhiteElo "1939"]
[BlackElo "1871"]
[PlyCount "74"]
[EventDate "2018.08.26"]
[EventType "tourn (corr)"]
[EventRounds "6"]
[EventCountry "GER"]
[SourceTitle "Corr 2022"]
[Source "ChessBase"]
[SourceDate "2021.10.24"]
[SourceVersion "1"]
[SourceVersionDate "2021.10.24"]
[SourceQuality "1"]

1. d4 Nf6 2. c4 e6 3. Nc3 Bb4 4. Qc2 0-0 5. Nf3 c5 6. dxc5 Na6 7. g3 Nxc5 8. Bg2 Nce4 9. a3 Bxc3+ 10. bxc3 Qc7 11. Nd2 Nxd2 12. Bxd2 Qxc4 13. Rb1 d5 14. Rb4 Qc6 15. 0-0 a5 16. Rh4 e5 17. c4 e4 18. Bg5 Ng4 19. Qc1 f6 20. Bd2 Bf5 21. f3 Ne5 22. cxd5 Qxc1 23. Rxc1 g5 24. Rh5 Rfc8 25. Rxc8+ Rxc8 26. fxe4 Bg6 27. Rh3 Rc2 28. Be1 Rc1 29. Kf1 g4 30. Rh4 Ra1 31. h3 b5 32. hxg4 Rxa3 33. Kf2 b4 34. Bd2 Kf7 35. Be3 Ra1 36. g5 b3 37. Bd4 Rd1 0-1

[Event "OP-2018-0-04688"]
[Site "LSS email"]
[Date "2018.12.10"]
[Round "?"]
[White "Paulesu, Sebastiano"]
[Black "Dolzycki, Janusz"]
[Result "1-0"]
[WhiteElo "1871"]
[BlackElo "800"]
[PlyCount "47"]
[EventDate "2018.12.03"]
[EventType "tourn (corr)"]
[EventRounds "4"]
[EventCountry "GER"]
[SourceTitle "Corr 2022"]
[Source "ChessBase"]
[SourceDate "2021.10.24"]
[SourceVersion "1"]
[SourceVersionDate "2021.10.24"]
[SourceQuality "1"]

1. e4 e5 2. d4 exd4 3. Nf3 Bb4+ 4. c3 Ba5 5. Qxd4 Nc6 6. Qxg7 Qf6 7. Qg3 d6 8. Bg5 Qg6 9. Nbd2 Bf5 10. Nh4 Qg7 11. Nxf5 Qg6 12. 0-0-0 Nge7 13. Qh4 0-0-0 14. Bxe7 Rd7 15. Bb5 a6 16. Bxc6 bxc6 17. Nc4 Bb6 18. Nxb6+ cxb6 19. Rxd6 Re8 20. Rhd1 Qxg2 21. Rxd7 Qf3 22. Qh6 Qxe4 23. Qd6 Qxf5 24. Qc7# 1-0

[Event "Sardegna Region-ch"]
[Site "Sardara"]
[Date "2010.04.18"]
[Round "4"]
[White "Paulesu, Sebastiano"]
[Black "Mallo, Danilo"]
[Result "1-0"]
[WhiteElo "1934"]
[BlackElo "1797"]
[PlyCount "115"]
[EventDate "2010.04.17"]
[EventType "swiss"]
[EventRounds "8"]
[EventCountry "ITA"]
[SourceTitle "EXT 2024"]
[Source "ChessBase"]
[SourceDate "2023.10.10"]
[SourceVersion "1"]
[SourceVersionDate "2023.10.10"]
[SourceQuality "1"]

1. e4 c5 2. b4 cxb4 3. a3 Nc6 4. axb4 d6 5. b5 Nb8 6. Nf3 Nf6 7. Nc3 Nbd7 8. d4 Qc7 9. Bb2 g6 10. Be2 Bg7 11. 0-0 0-0 12. Re1 e6 13. Bd3 Nb6 14. Qe2 Nh5 15. g3 Bd7 16. Nd1 Rfc8 17. Ne3 Be8 18. c4 Nd7 19. Rec1 Qd8 20. Ba3 e5 21. Bxd6 exd4 22. Nd5 Bf8 23. Bxf8 Kxf8 24. Qb2 Ng7 25. Qxd4 Nc5 26. Qc3 Qd7 27. Bf1 Nxe4 28. Qb4+ Qd6 29. Qxd6+ Nxd6 30. Nf6 h6 31. Ne5 Ne6 32. Bh3 Kg7 33. Nd5 f5 34. Bf1 Nc5 35. Ra3 Bf7 36. Nxf7 Nxf7 37. Re1 Nd7 38. Re7 Nde5 39. Ra4 Kf8 40. Rxb7 Nf3+ 41. Kg2 Ne1+ 42. Kh1 Ne5 43. Nc7 Rab8 44. Raxa7 Rxb7 45. Rxb7 Ng4 46. f4 Nf2+ 47. Kg1 Ng4 48. Be2 Nf6 49. Ra7 Nc2 50. b6 Nd7 51. Nd5 Ke8 52. b7 Rb8 53. Nc7+ Kd8 54. Na6 Nd4 55. Bd1 Nc6 56. Ra8 g5 57. Ba4 Nb6 58. Bxc6 1-0

[Event "Sardegna Region-ch"]
[Site "Sardara"]
[Date "2010.04.17"]
[Round "2"]
[White "Murtas, Gianvito"]
[Black "Paulesu, Sebastiano"]
[Result "0-1"]
[WhiteElo "1781"]
[BlackElo "1934"]
[PlyCount "100"]
[EventDate "2010.04.17"]
[EventType "swiss"]
[EventRounds "8"]
[EventCountry "ITA"]
[SourceTitle "EXT 2024"]
[Source "ChessBase"]
[SourceDate "2023.10.10"]
[SourceVersion "1"]
[SourceVersionDate "2023.10.10"]
[SourceQuality "1"]

1. e4 d5 2. exd5 Nf6 3. d4 Bg4 4. Be2 Bxe2 5. Nxe2 Qxd5 6. 0-0 Nc6 7. Nbc3 Qh5 8. Bf4 0-0-0 9. Bg3 e6 10. a4 Bd6 11. Nb5 Bxg3 12. Nxg3 Qxd1 13. Rfxd1 a6 14. Ra3 axb5 15. axb5 Nb8 16. c4 c5 17. bxc6 Nxc6 18. Ne2 Kc7 19. f3 Ra8 20. Rb3 Rhd8 21. Nc3 Ra5 22. Nb5+ Kb8 23. c5 Rxb5 24. Rxb5 Nxd4 25. Kf2 Kc7 26. Rb4 e5 27. Rc4 h5 28. b4 Ra8 29. Rd2 Ra3 30. Rb2 g5 31. b5 g4 32. c6 b6 33. Rd2 gxf3 34. gxf3 Rxf3+ 35. Kg2 Ra3 36. Rdxd4 exd4 37. Rxd4 Re3 38. Rf4 Re6 39. Kg3 Ne4+ 40. Kf3 Nd6 41. Ra4 Nxb5 42. Rf4 Nd6 43. Rh4 Rf6+ 44. Ke2 Rf5 45. Rd4 Kxc6 46. h4 Kc5 47. Ra4 b5 48. Ra7 Rf4 49. Rc7+ Kd5 50. Rc1 Rxh4 0-1

[Event "FICGS class A 000053 email"]
[Site "FICGS email"]
[Date "2009.07.13"]
[Round "1"]
[White "Paulesu, Sebastiano"]
[Black "Staggat, Rolf"]
[Result "1/2-1/2"]
[WhiteElo "2050"]
[BlackElo "1987"]
[PlyCount "61"]
[EventDate "2009.??.??"]
[EventType "tourn (corr)"]
[EventRounds "6"]
[SourceTitle "Corr 2022"]
[Source "ChessBase"]
[SourceDate "2021.10.24"]
[SourceVersion "1"]
[SourceVersionDate "2021.10.24"]
[SourceQuality "1"]

1. Nf3 Nf6 2. d4 d5 3. c4 c6 4. Nc3 a6 5. e3 b5 6. b3 Bg4 7. Be2 e6 8. 0-0 Nbd7 9. h3 Bh5 10. Bb2 Bd6 11. Ne5 Bxe2 12. Nxe2 Qc7 13. cxd5 cxd5 14. Rc1 Qb8 15. Nxd7 Kxd7 16. f3 Qb7 17. Nf4 Rhc8 18. Nd3 Rxc1 19. Qxc1 Ke7 20. b4 Rc8 21. Nc5 Qc6 22. Qb1 g6 23. Rc1 Qa8 24. Rc3 Rc7 25. Qe1 h5 26. Qh4 Qd8 27. e4 Ke8 28. Ra3 Ra7 29. Qe1 Be7 30. Qe3 Qa8 31. Qh6 1/2-1/2